| 000 | 00916nam a2200277 a 4500 | ||
|---|---|---|---|
| 001 | 68808 | ||
| 003 | BD-RjUL | ||
| 005 | 20211209081819.0 | ||
| 008 | 170405r19791976enka b 000 0 eng d | ||
| 020 |
_a0713125586 _c£3.00. _a0713125594 |
||
| 035 | _a(BD-RjUL)69019 | ||
| 040 |
_aBD-RjUL _cDLC _dBD-RjUL _beng |
||
| 041 | _aeng | ||
| 082 | 0 | 0 |
_a571.53 _223 _bBUP |
| 100 | 1 | 0 |
_aButcher, Dennis Neal. _9203915 |
| 245 | 1 | 0 |
_aPlant tissue culture / _cDennis N. Butcher and David S. Ingram. |
| 260 |
_aLondon : _bEdward Arnold, _cc1976 [reprinted 1979]. |
||
| 300 |
_a68 p. : _bill. ; _c22 cm. |
||
| 490 | 1 | _aInstitute of Biology's studies in biology ; no. 65 | |
| 504 | _aBibliography: p. [68] | ||
| 650 | 0 |
_aPlant tissue culture. _9203916 |
|
| 700 | 1 |
_aIngram, David S. _ejoint author. _9203917 |
|
| 830 | 0 |
_aInstitute of Biology's studies in biology ; _vno. 65. _9134943 |
|
| 942 |
_2ddc _cBK |
||
| 999 |
_c68808 _d68808 |
||